Szczegóły MARC21

Fitogeografia części świata. T. 1, Europa, Azja, Afryka /

003 -Nazwa inst., której nr kontr. jest w polu 001 [,]
    • @
    • Nazwa instytucji, której n kontrolny jest w polu 001
    • NUKAT
005 -DATA I CZAS OSTATNIEJ MODYFIKACJI [,]
    • @
    • pole kontrolne
    • 20241231110321.0
020 -Międzynarod. znormalizowany nr książki - ISBN [ , ]
    • a
    • Numer ISBN
    • 8301075848 Find
    • q
    • Dopowiedzenie
    • t. 1
020 -Międzynarod. znormalizowany nr książki - ISBN [ , ]
    • a
    • Numer ISBN
    • 830107583X Find
    • q
    • Dopowiedzenie
    • t. 1-2
040 -Instytucja sporządzająca opis [ , ]
    • a
    • Instytucja, która sporządziła opis (NP)
    • LUBL KUL/ak
    • c
    • Instytucja, która sporządziła rekord (NP)
    • LUBL KUL/ak
    • d
    • Instytucja, która zmodyfikowała rekord (P)
    • LUBL KUL/MC
942 -Rodzaj dokumentu [ , ]
    • c
    • Rodzaj dokumentu
    • Książka
100 -Hasło główne - nazwa osobowa [1, ]
    • a
    • Nazwa osobowa (NP)
    • Podbielkowski, Zbigniew
    • d
    • Daty biograficzne (NP)
    • (1921-2012).
    • 9
    • KHW
    • 52066
245 -Strefa tytułu i oznaczenia odpowiedzialności [1,0]
    • a
    • Tytuł
    • Fitogeografia części świata. Find
    • n
    • Oznaczenie części (P)
    • T. 1,
    • p
    • Nazwa części (P)
    • Europa, Azja, Afryka /
    • c
    • Pozostałe elementy strefy tytułu i oznaczenia odpowiedzialności (NP)
    • Zbigniew Podbielkowski.
250 -Strefa wydania [ , ]
    • a
    • Oznaczenie wydania (NP)
    • Wyd. 2.
260 -Strefa adresu wydawniczego [ , ]
    • a
    • Miejsce wydania (P)
    • Warszawa :
    • b
    • Nazwa wydawcy (P)
    • Wydaw. Naukowe PWN,
    • c
    • Data wydania (P)
    • 1995.
300 -Strefa opisu fizycznego [ , ]
    • a
    • Określenie formy książki i/lub objętość (NP)
    • 400 s. :
    • b
    • Oznaczenie ilustracji (NP)
    • mapy, rys., wykr. ;
    • c
    • Format (NP)
    • 24 cm.
336 -Typ zawartości [ , ]
    • a
    • Termin opisujący typ zawartości
    • Tekst
    • b
    • Kod określający zawartość
    • txt
    • 2
    • Źródło (terminu i kodu)
    • rdacontent
337 -Typ mediów [ , ]
    • a
    • Tryb odtwarzania
    • Bez urządzenia pośredniczącego
    • b
    • Kod typu mediów
    • n
    • 2
    • Źródło (terminu i kodu)
    • rdamedia
338 -Typ/rodzaj nośnika [ , ]
    • a
    • Hasło opisujące typ nośnika
    • Wolumin
    • b
    • Kod typu nośnika
    • nc
    • 2
    • Źródło (terminu i kodu)
    • rdacarrier
080 -Uniwersalna Klasyfikacja Dziesiętna [ , ]
    • a
    • Symbol klasyfikacji
    • 581.9
    • 2
    • Identyfikator wydania tablic
    • UDC-P058
    • 9
    • UKD
    • 4413
    • b
    • Dopowiedzenie
    • Geografia roślin. Flora.
    • 4
    • UKD2
    • 8143
    • x
    • Poddział wspólny
    • (100)
    • c
    • Dopowiedzenie poddz. wspólnego
    • (Aspekt międzynarodowy. Wszystkie kraje. Świat).
    • 4
    • UKD2
    • 7665
    • x
    • Poddział wspólny
    • (075.8)
    • c
    • Dopowiedzenie poddz. wspólnego
    • (Podręczniki dla szkół wyższych. Skrypty).
080 -Uniwersalna Klasyfikacja Dziesiętna [ , ]
    • a
    • Symbol klasyfikacji
    • 911.2
    • 2
    • Identyfikator wydania tablic
    • UDC-P058
    • 9
    • UKD
    • 6779
    • b
    • Dopowiedzenie
    • Geografia fizyczna. Fizjografia. Geografia fizyczna jako nauka. Ogólna geografia fizyczna.
    • 4
    • UKD2
    • 8143
    • x
    • Poddział wspólny
    • (100)
    • c
    • Dopowiedzenie poddz. wspólnego
    • (Aspekt międzynarodowy. Wszystkie kraje. Świat).
    • 4
    • UKD2
    • 7665
    • x
    • Poddział wspólny
    • (075.8)
    • c
    • Dopowiedzenie poddz. wspólnego
    • (Podręczniki dla szkół wyższych. Skrypty).
650 -Hasło przedmiotowe [ ,7]
    • a
    • Hasło przedmiotowe
    • Fitogeografia
    • v
    • Określnik formalny
    • podręczniki akademickie.
    • 2
    • Źródło terminu
    • kaba
    • 9
    • KHW
    • 378238
980 -Symbol UKD [ , ]
    • a
    • UKD
    • 581.9911.2](100)(075.8)
710 -Hasło dodatkowe - nazwa ciała zbiorowego [2, ]
    • a
    • Nazwa ciała zbiorowego lub nazwa geograficzna jako pierwszy element (NP)
    • Wydawnictwo Naukowe PWN.
    • 4
    • Kod relacji
    • pbl
    • 9
    • KHW
    • 52648
920 -ISBN [ , ]
    • a
    • ISBN
    • 83-01-07584-8 Find
    • q
    • Dopowiedzenie
    • t. 1
920 -ISBN [ , ]
    • a
    • ISBN
    • 83-01-07583-X Find
    • q
    • Dopowiedzenie
    • t. 1-2
Numer inwentarzowy Status udost. Uwagi nie widoczne w OPAC Lokalizacja Data inwentaryzacji Sygnatura
Z.877171 BG1996-01-17Z.87717
W.185965-3 BG1996-03-08W.185965
W.185967-3 BG1996-03-08W.185965
W.185969-3 BG1996-03-08W.185965
W.185971-3 BG1996-03-08W.185965
W.185973-3 BG1996-03-08W.185965
Bl.60692przepisany , ubytekBG1996-01-17